Statistics for Weirdest Animals In the World

Click here to take the quiz!

General Stats

  • This quiz has been taken 31 times
  • The average score is 4 of 10

Answer Stats

Answer% Correct
Platypus
96%
Shoebill
63%
Dugong
58%
Thorny Devil
50%
Nautilus
46%
Frigate Bird
38%
Glass Butterfly
25%
Hoatzin
25%
Cockle
8%
Pied Avocet
8%

Score Distribution

Percentile by Number Answered

Percent of People with Each Score

Your Score History

You have not taken this quiz